Gölgem ve Ben (Record no. 1275890)

MARC details
000 -LEADER
sabit uzunluktaki kontrol alanı 00271nam a2200109Ia 4500
001 - KONTROL NUMARASI
kontrol alanı 1275890
005 - EN SON İŞLEMİN TARİH VE ZAMANI
kontrol alanı 20260417160436.0
008 - SABİT-UZUNLUKTA VERİ ÖĞELERİ--GENEL BİLGİ
sabit uzunluktaki kontrol alanı 260417s9999 xx 000 0 und d
020 ## - ULUSLARARASI STANDART KİTAP NUMARASI
Uluslararası Standart Kitap Numarası 9786257303354
245 #0 - ESER / YAZAR
ESER ADI Gölgem ve Ben
Yazar Adı Cansu Sabetrasekh
260 ## - YAYIN, DAĞITIM, VB.
YAYIN EVİ Ketebe Çocuk
Holdings
Düşüm durumu Kayıp durumu Hasar Durumu Ödünç verilmez Ana kütüphane Geçerli Kütüphane Edinilen tarih Toplam ödünç verme sayısı Barkod Son görüntüleme tarihi Fiyatın geçerli olmaya başladığı tarih Koha materyal türü
        FATİH ORTAOKULU FATİH ORTAOKULU 17.04.2026   11082154 17.04.2026 17.04.2026 Books